| 000 | 00478nam a22001817a 4500 | ||
|---|---|---|---|
| 005 | 20241213143952.0 | ||
| 008 | 241213b |||||||| |||| 00| 0 eng d | ||
| 020 | _a9781119679073 | ||
| 082 |
_a657.904 _bRIN-Q |
||
| 100 | _aRingstrom, H David | ||
| 245 |
_aQuickbooks Oneline _cElaine Marmel |
||
| 250 | _a6th ed. | ||
| 260 |
_aUSA: _bElsevier; _c2021. |
||
| 300 |
_axiv, 478 p. : _bill; _c24 cm. |
||
| 500 | _ainclude index. | ||
| 650 | _aComputer Science | ||
| 999 |
_c36802 _d36802 |
||